Normal view
MARC view
- Supervisor Dr Syed WAheed Ul Haq
Entry Corporate Name
001 - CONTROL NUMBER
- control field: 84149
003 - CONTROL NUMBER IDENTIFIER
- control field: NUST
005 - DATE AND TIME OF LATEST TRANSACTION
- control field: 20211115161403.0
008 - FIXED-LENGTH DATA ELEMENTS
- fixed length control field: 211115|| aca||aabn | a|a d
040 ## - CATALOGING SOURCE
- Original cataloging agency: NUST
- Transcribing agency: NUST
110 ## - HEADING--CORPORATE NAME
- Corporate name or jurisdiction name as entry element: Supervisor Dr Syed WAheed Ul Haq
670 ## - SOURCE DATA FOUND
- Source citation: Work cat.: (NUST)577147: Zahid Faraz 84148, TH-SOF-1253-Development Of An Integrated Framework For Optimization Of Sheet Metal Work Through Bi-Directional Information Flow Between Design and Manufacturing Processes, 2016
